000 00593nam a2200229Ia 4500
003 OSt
005 20220918193111.0
006 a|||||r|||| 00| 0
007 ta
008 220917b |||||||| |||| 00| 0 eng d
024 _a71,816
037 _cTextual
040 _aARTS
_cARTS
_beng
041 _2eng
_aeng
082 _aR3xM895:1, J9 GE
100 _aKrishnamurti J
_917012
245 0 _aCommentaries on living ed by D Rajagopal
260 _c1959
490 _aSecond Series
942 _hR3xM895:1, J9 GE
_cTEXL
_2CC
999 _c197888
_d197888